Statystyki dla Nazwy rzek, które są pospolitymi słowami

Kliknij tutaj aby rozwiązać quiz!

Ogólne statystyki

  • Ten quiz został rozwiązany 94 razy
  • Średni wynik to 5 z 10

Statystyki odpowiedzi

Opis słowaRzekaCo to za rzeka?% Poprawnych
Zwierzę mieszkające w żeremiachBóbrZachodnie Dolnośląskie, wpada do Odry na północny zachód od Zielonej Góry
85%
Potocznie kontroler, np. do PS, XboxPadPłynie przez całe północne Włochy
72%
Wirusowa choroba zakaźnaOdraDruga najdłuższa rzeka Polski, stanowiąca granicę z Niemcami na znacznej długości
69%
Duży kot z czarnymi pręgamiTygrysJedna z dwóch wielkich rzek Mezopotamii (drugą jest Eufrat)
69%
Wykastrowany samiec świniWieprzPłynie przez całe Lubelskie i wpada do Wisły
60%
Gatunek ryby ze wschodniej AzjiAmurRzeka graniczna Rosji i Chin, wpada do Morza Ochockiego
45%
Czynność patrolowania, pilnowania
czegoś, np. w wojsku, harcerstwie, policji
WartaTrzecia najdłuższa rzeka Polski, płynąca przez m.in. Częstochowę oraz Poznań
44%
Błąd w programieBugNa granicy Polski z Białorusią oraz Ukrainą, wpada do Narwi w Serocku niedaleko Warszawy
32%
Pierwiastek chemiczny, metalRenZachodnie Niemcy i Holandia
17%
W informatyce znacznik jakiegoś obiektuTagNajdłuższa rzeka Hiszpanii i Portugalii
14%

Rozkład punktacji

Percentyl według liczby udzielonych odpowiedzi

Procent ludzi z każdym wynikiem

Twoja historia wyników

Nie rozwiązałeś tego quizu